00386nam a2200145Ia 4500003000400000005001700004008004100021040000700062041000800069082002100077100001500098245007500113260003900188365001300227OSt20230524145127.0210423s2000 xx 000 0 und d cAL aeng a658.3 223bRAOH aRAO (T V). aHuman resources development: experiences interventions and strategies. aNew DelhibSage Publicationsc2000 b380cINR